Guerilla marketing bakalárska práca

Salvato in:
Dettagli Bibliografici
Autore principale: Bizubová, Barbora
Ente Autore: Obchodná fakulta EU. Katedra marketingu
Altri autori: Kličková, Šárka
Natura: Libro
Lingua:slovacco
Pubblicazione: Bratislava 2013
Tags: Aggiungi Tag
Nessun Tag, puoi essere il primo ad aggiungerne!!

MARC

LEADER 00000nbm a2200000 4500
001 0171289
005 20161109112028.5
041 0 |a slo 
044 |a SK 
245 1 0 |a Guerilla marketing  |b bakalárska práca  |c Barbora Bizubová ; školiteľ: Šárka Kličková 
264 1 |a Bratislava  |c 2013 
300 |a 48 s. 
100 1 |a Bizubová, Barbora 
700 1 |a Kličková, Šárka 
710 2 |a Obchodná fakulta EU. Katedra marketingu